000 00744nam a22002297a 4500
003 UA-OsUOA
001 38903
007 ta
008 20060601b un ||||| |||| 00| 0 ukr d
100 _aГринбаум Н. С.
090 _a82.09.
_bГ85
942 _cBK
040 _aUA-OsUOA
_brus
_cUA-OsUOA
_dUA-OsUOA
245 _aХудожественный мир античной поэзии: творческий поиск Пиндара: к 2500-летию со дня рождения поэта
_bмонография
300 _a168 с.
955 _a1
041 _arus
080 _a82.09.
260 _aМ.
_bНаука
_c1990
650 7 _a82 Література. Літературознавство
_2UDC
999 _c325027
_d325027